SEC Logos - Statistics

General Stats
  • This quiz has been taken 52 times
  • The average score is 15 of 16
Answer Stats
Picture Answer % Correct
Alabama
100%
Auburn
100%
Florida
100%
Georgia
100%
Kentucky
100%
Mississippi State
98%
Tennessee
98%
Texas
98%
Arkansas
96%
LSU
96%
Oklahoma
96%
Texas A&M
96%
South Carolina
91%
Vanderbilt
91%
Missouri
89%
Ole Miss
76%
No matching quizzes found
Score Distribution
Percent of People with Each Score
Percentile by Number Answered
Your Score History
You have not taken this quiz